Liptovska Tepla

Zobrazenie: Pohľad na budovu za kostolom

Bibliographic Details
Format: Postcard
Language:Slovak
PhysicalDescription:1 pohľadnica čiernobiela 14 x 9 cm
Published: Praha - Žižkov G. Jilovský 1922
Subjects:

MARC

LEADER 00000nkm a2200000 a 4500
001 vtls011768774
003 SK-MaSNL
005 20260512124125.0
007 kp bo
008 240703s1922 xr g 00 kuslo
015 |a SNBG1922 
035 |a urn:nbn:sk:snk-km00dnkl 
035 |a urn:nbn:sk:snk-km3lzp3 
035 |a 3DD19541-C2D7-4D7A-B940-231AD571A342 
040 |a SNK  |b slo  |c SNK  |e AACR2 
041 0 |a slo 
043 |a e-xo--- 
044 |a xr  |c CZ 
072 7 |a 913  |x Regionálna geografia  |2 konspekt 
072 7 |a 72  |x Architektúra  |2 konspekt 
080 |a 913(437.6)  |2 2011 
080 |a (084.121)  |2 2011 
080 |a 721  |2 2011 
080 |a 726:27-523.42  |2 2011 
245 0 0 |a Liptovska Tepla  |h grafika 
260 |a Praha - Žižkov  |b G. Jilovský  |c 1922 
300 |a 1 pohľadnica  |b čiernobiela  |c 14 x 9 cm 
520 8 |a Zobrazenie: Pohľad na budovu za kostolom 
650 0 7 |a budovy  |2 SNKPH  |9 1283 
650 0 7 |a kostoly  |2 SNKPH  |9 3023 
651 7 |a Liptovská Teplá (Slovensko)  |2 SNKPHgeo  |9 59106 
655 7 |a miestne pohľadnice  |2 SNKPH  |9 70510 
852 |a Slovenská národná knižnica 
958 |a EUIPO 
958 |a GBN 
958 |a TL 
958 |a GC 
958 |a OND 
999 |c 857022  |d 858952 
952 |a SNK  |b SNK  |y PREZ  |7 0  |p 17A1243308  |o snkSP 113932  |z Pohľadnica prešla poštou.  |0 0  |1 0  |4 0  |d 2018-07-25  |f 1  |l 0  |r 2026-02-24 05:00:36  |w 2026-02-24